000 004240000a22001690004500
003 MACL
005 20151219132609.0
008 151219b xxu||||| |||| 00| 0 eng d
040 _aMACL
_cMACL
041 _aEnglish
082 _a530.092/MAG
100 _aMangill, N Frank
_921327
245 _aThe Nobel Prize Winner
_bVOL 2
260 _bStandard Books
_c1988
650 _aPhysics
_921329
942 _cBK
_k530.092/MAG
_2ddc
999 _c40019
_d40019